01446nam a2200325 u 450000100100000000500170001000800410002702000190006804100080008709000130009510000200010824501580012825000120028626000370029830000300033549000290036550000370039450000350043150000530046652003550051960000600087465000190093465000230095365000220097665000320099865000320103070000200106270000230108299900150110500005755220200120223649.0130703s2010 ck a jr 000 f spa d a9789583034121.0 aspa aJNbBAMC1 aBampton, Claire13aSherlock Holmes :bEl sabueso de los Baskerville /cSir Arthur Conan Doyle ; historia Claire Bampton ; animación David Hawcock ; arte Anthony Williams. a1a. ed. aBogotá :bPanamericana,c2010. a[14] .s.n p. :bil., col.0 aCuento clásico animado aTexto solo para consulta en sala aIncluye páginas desplegables aRecomendado para niños de 9 años en adelante3 a"En este libro se combinan ilustraciones contemporáneas con lo mejor del arte gráfico para crear una versión de esta obra de la literatura clásica. En esta versión toma vida una historia de detectives, imágenes dramáticas y escenas 3D, saltan a la vista permitiendo a Sherlock Holmes resolver el misterio de la maldición Baskerville".17aDoyle, Arthur Conand1859-1930vAdaptaciones literarias14aNovela juvenil24aLiteratura juvenil24aNovela gráfica.24aDetectives en la literatura24aAventuras en la literatura.1 aHawcock, David.1 aWilliams, Anthony. c6818d6818